000 00950cpcaa2200277 4500
001 mm 79005134
003 DLC
005 20260227111649.0
008 790413|||||||||||| eng
010 _amm 79005134
040 _aDLC
_cDLC
_edacs
_dDLC
072 7 _aL
_2lcmd
100 1 _aConway, Moncure Daniel,
_d1832-1907.
245 0 0 _aMoncure Daniel Conway correspondence,
_f1889-1895.
300 _a6
_fitems.
506 0 _aOpen to research.
545 0 _aClergyman, editor, and abolitionist.
546 _aCollection material in English.
580 _aForms part of: Miscellaneous Manuscripts collection.
656 7 _aAbolitionists.
_2itoamc
656 7 _aClergy.
_2itoamc
656 7 _aEditors.
_2itoamc
999 _c41802
_d41802